Na návšteve v kolektíve hlásateľov Slovenského rozhlasu

Bibliographic Details
Main Authors: Kollárik, Peter (Author), Halmo, Gabriel, 1945- (Author)
Format: Article
Language:Slovak
PhysicalDescription:Fotogr. 3
ISSN:0862-8122
Subjects:

MARC

LEADER 00000nab a2200000 a 4500
001 vtls000520029
003 SK-MaSNL
005 20260303010605.0
008 120928c1994 xo 0 slo
015 |a SNBRB19rr/mm-uuuuu 
035 |a CL0520167 
040 |a SNKBUCL  |b slo  |c SNKBUCL  |e AACR2 
041 0 |a slo 
044 |a xo  |c SK 
080 |a 7.096.071.2  |2 1981 
100 1 |a Kollárik, Peter  |4 aut  |9 265197 
245 1 0 |a Na návšteve v kolektíve hlásateľov Slovenského rozhlasu  |c Peter Kollárik, Gabriel Halmo 
300 |b Fotogr. 3 
500 |a Pokračovanie 
600 1 7 |a Kollárik, Peter  |d ?-  |x rozhovory  |2 snkbucl  |9 988210 
655 7 |a články z novín a časopisov  |2 snkbucl  |9 267496 
700 1 |a Halmo, Gabriel,  |d 1945-  |4 aut  |9 177705 
773 0 |t Rozhlas a televízia  |g Č. 25 (1994), s. 10  |x 0862-8122 
850 |a Slovenská národná knižnica v Martine  |a MTA001 
852 |a SNK  |b KIS3GCP 
958 |a RK 
992 |a RBX 
999 |c 1587921  |d 1589851